00546nam a2200181 a 45000010010000000030011000100080041000210350026000620820014000881000019001022450030001212600045001516500031001969420012002279520090002399980020003299990015003490000-8508ELIB.Books110520 1968  a(ELIB.Books)0000-8653 a177 bSey aSeymour, Peter aThe Treaure of Friendship bKansas City: Hallmark Cards Inc., c1968 aEthics of Social Relations 2ddccBK 00102ddc4070aKBTSbKBTSd2011-05-20l0p2014r2022-01-22 00:00:00w2022-01-22yBK cbate2011-05-20 c8508d8508